Statystyki dla Flagi Europy

Kliknij tutaj aby rozwiązać quiz!

Ogólne statystyki

  • Ten quiz został rozwiązany 241 razy
  • Średni wynik to 14 z 15

Statystyki odpowiedzi

Odpowiedź% Poprawnych
Francja
100%
Niemcy
100%
Polska
100%
Rosja
96%
Hiszpania
95%
Wielka Brytania
93%
Norwegia
92%
Portugalia
92%
Szwajcaria
92%
Czechy
91%
Włochy
91%
Słowacja
87%
Watykan
86%
Serbia
83%
Kosowo
82%

Rozkład punktacji

Percentyl według liczby udzielonych odpowiedzi

Procent ludzi z każdym wynikiem

Twoja historia wyników

Nie rozwiązałeś tego quizu